00959nam a22002777a 45000010005000000030006000050050017000110080041000280200018000690400029000870500013001160820011001291000019001402450078001592500045002372600038002823000045003204900012003655050008003775200165003855210020005505210020005706500027005906500027006177000037006445331FISKH20241126152646.0241126b cb ||||| |||| 00| 0 eng d a9780545437479 aFISKHbengcFISKHdFISKH aDS135.N6 a940.53 aColbert, David aAnne Frank :b10 days /cby David Colbert Athor of eyewitness to America aFirst Scholastic printing , January 2012 aNew York : bScholastic ;c2008 . a152 pages : billustrations ; c21 cm .  a10 days aZ  aFocuses on ten crucial days in the life of Anne Frank and her family, primarily in Amsterdam during their time in hiding, during the Holocaust and World War II.8 a980 bLexile 8 aZ bRaz-Plus  aHolocaustvNon-fiction abiographyvNon-fiction aPaprocki, Karinecover designer